Taylor Swift - Paroles Robin - Statistiques

Statistiques générales
  • Ce quiz a été pris 17 fois
  • Le résultat moyen est 135 sur 172
Statistiques - réponses
Hint Réponse % Correct
a
100%
an
100%
for
100%
For
100%
just
100%
to
100%
To
100%
you
100%
You
100%
you,
100%
your
100%
are
92%
have
92%
idea
92%
In
92%
in
92%
no
92%
the
92%
The
92%
and
83%
And
83%
But
83%
go
83%
go,
83%
Higher
83%
higher
83%
it,
83%
like
83%
regrets
83%
room
83%
tiger
83%
Tiger
83%
You're
83%
animal
75%
At
75%
down
75%
from
75%
learn
75%
Couplet 1 | Couplet 2 Long
75%
nonsense
75%
Out
75%
out
75%
time
75%
Refrain Way
75%
we
75%
above
67%
all
67%
bounce
67%
Covered
67%
dinosaurs
67%
dreams
67%
favorite
67%
got
67%
keep
67%
lighter
67%
look
67%
may
67%
mean
67%
now
67%
on
67%
ridiculous
67%
roar
67%
ruler
67%
secret
67%
spot
67%
sweetness
67%
trampoline
67%
Wilder
67%
window
67%
You'll
67%
back
58%
bed
58%
bloodthirsty
58%
cruel
58%
curiosity
58%
deep
58%
dragonflies
58%
mud,
58%
of
58%
reign
58%
talking
58%
vowed
58%
we'll
58%
will
58%
arrive
50%
Pré-refrain Buried
50%
reach,
50%
set
50%
Pré-refrain Strings
50%
swing
50%
tied
50%
clocks
42%
curtail
42%
levers,
42%
panes
42%
this
42%
utter
42%
showmanship
33%
tethered,
33%
slowed
25%
Aucun quiz correspondant
Distribution des résultats
% des personnes avec chaque résultat
Percentile par nombre de réponses
Votre historique - résultats
Vous n’avez pas pris ce quiz